[Event "AUT-chT2W 1920"]
[Site "Austria"]
[Date "2019.10.05"]
[Round "2.6"]
[White "Kriechbaum, Paul"]
[Black "Wieneroiter, Gerald"]
[Result "0-1"]
[WhiteElo "1805"]
[BlackElo "2147"]
[PlyCount "92"]
[EventDate "2019.10.04"]
[EventType "team-tourn"]
[EventRounds "11"]
[EventCountry "AUT"]
[SourceTitle "CBM 192 Extra"]
[Source "Chessbase"]
[SourceDate "2019.11.06"]
[SourceVersion "1"]
[SourceVersionDate "2019.11.06"]
[SourceQuality "1"]
[WhiteTeam "Neumarkt"]
[BlackTeam "Bernhard"]
[WhiteTeamCountry "AUT"]
[BlackTeamCountry "AUT"]

1. c4 c6 2. Nc3 d5 3. cxd5 cxd5 4. d4 Nf6 5. e3 Nc6 6. a3 Bf5 7. Nf3 e6 8. Bd3 Bxd3 9. Qxd3 Bd6 10. 0-0 0-0 11. b4 Nd7 12. Bb2 Nb6 13. Nd2 Rc8 14. Rac1 Ne7 15. Nb5 a6 16. Nxd6 Qxd6 17. Qb3 Qd7 18. Nf3 f6 19. Nd2 Nf5 20. Rfe1 Rxc1 21. Rxc1 Nd6 22. f3 Nbc4 23. Nxc4 Nxc4 24. Rc2 b5 25. Bc1 f5 26. Qd3 Qf7 27. f4 Qh5 28. Qe2 Qh4 29. Qf2 Qf6 30. h4 Kh8 31. g3 Rg8 32. Qf3 Qf7 33. Kh2 h6 34. h5 Kh7 35. g4 fxg4 36. Qxg4 g6 37. hxg6+ Rxg6 38. Qh3 h5 39. Rg2 Nd6 40. Bd2 Rxg2+ 41. Qxg2 Qg6 42. Qxg6+ Kxg6 43. Kg2 Kf5 44. Kf3 Nc4 45. Bc1 h4 46. Kf2 Ke4 0-1

[Event "Neumarkt am Wallersee op 15th"]
[Site "Neumarkt am Wallersee"]
[Date "2016.08.23"]
[Round "4"]
[White "Kriechbaum, Paul"]
[Black "Pruesse, Horst"]
[Result "1/2-1/2"]
[WhiteElo "1669"]
[BlackElo "2115"]
[PlyCount "106"]
[EventDate "2016.08.20"]
[EventType "swiss"]
[EventRounds "9"]
[EventCountry "AUT"]
[SourceTitle "CBM 174 Extra"]
[Source "ChessBase"]
[SourceDate "2016.10.10"]
[SourceVersion "1"]
[SourceVersionDate "2016.10.10"]
[SourceQuality "1"]

1. c4 e5 2. Nc3 Nc6 3. e3 Nf6 4. d3 Bb4 5. Bd2 0-0 6. Nf3 d5 7. cxd5 Nxd5 8. Qc2 Be7 9. a3 Be6 10. Be2 f5 11. 0-0 Qe8 12. Rac1 Qf7 13. b4 a6 14. d4 e4 15. Ne5 Nxe5 16. dxe5 Nb6 17. Qb2 Rad8 18. f4 exf3 19. Rxf3 Qg6 20. Be1 Kh8 21. Qc2 Bg5 22. Bg3 c6 23. Bf4 Be7 24. Rd1 Qf7 25. Rxd8 Rxd8 26. h3 Nc4 27. Bxc4 Bxc4 28. e4 Bb3 29. Qf2 fxe4 30. Nxe4 Bd1 31. Re3 Rf8 32. Bg3 Qg6 33. Qe1 Bc2 34. Kh2 h5 35. h4 Kh7 36. Qe2 Bxe4 37. Rxe4 c5 38. bxc5 Bxc5 39. a4 b6 40. e6 Re8 41. Bf4 Qg4 42. Qxg4 hxg4 43. Kg3 Kg6 44. Kxg4 Be7 45. h5+ Kh7 46. Bg5 g6 47. hxg6+ Kxg6 48. Bxe7 Rxe7 49. Kf4 Kf6 50. g4 Rxe6 51. Rxe6+ Kxe6 52. Ke4 b5 53. axb5 axb5 1/2-1/2